00577nam a2200205Ia 450000500170000000800410001704000190005804100120007708200190008924500630010826000230017130000170019444000230021150400220023463000360025665000320029265100190032470000180034385000100036120230118090515.0131103s9999 xx 000 0 und d aLoreto College aEnglish a821.6bGOL-DOB aGoldsmith's poems and playscintroduction by Austin Dobson aLondonbDentc1960 axxiv,317 p.  aEveryman's Library aIncludes appendix a1730 - 1774 - Goldsmith - Poems aGoldsmith,Oliver,1930 -1774 aEnglish Poetry aDobson,Austin aLCLIB